000 00552nam a2200169 i 4500
001 101908
003 ES-MaACL
005 20230906183015.0
007 t|
008 051026s1969 sp ||||1| spa d
100 1 _aMendès-France, Pierre.
_980105
245 1 0 _aPreparando el porvenir
_b: propuestas para la acción /
_cPierre Mendès-France; traducción... por Josefina Culebras Abril.
260 _aMadrid :
_bAguilar,
_c1969.
300 _a75 p. ;
_c20 cm.
700 1 _aCulebras Abril, Josefina.
_942130
852 _aES-MaACL
_jC-50535
_bR.71485
999 _c101908
_d101908